| 000 | 00803nam a2200205 4500 | ||
|---|---|---|---|
| 001 | 116756 | ||
| 003 | ES-MaACL | ||
| 005 | 20230906190749.0 | ||
| 007 | t| | ||
| 008 | 061121s1908 ag r ||||1| spa d | ||
| 100 | 1 |
_aOutes, Félix F. _987986 |
|
| 245 | 1 | 0 |
_aEstudio de las supuestas escorias y tierras cocidas / _cpor Félix F. Outes, Enrique Herrero Ducloux, H. Bucking. |
| 260 |
_aBuenos Aires : _b[s.n.], _c1908 ( _fImp. Coni Hermanos) |
||
| 300 |
_a31 h., 4 lám. : _bil. ; _c28 cm. |
||
| 500 | _aEs tirada aparte de la Revista del Museo de la Plata, tomo XV, pág. 138-197. Precede al Tit : Universidad Nacional de la Plata. | ||
| 700 | 1 |
_aHerrero Ducloux, Enrique. _963308 |
|
| 700 | 1 |
_aBucking, H. _932318 |
|
| 710 | 2 |
_aUniversidad Nacional de La Plata. _97422 |
|
| 852 |
_aES-MaACL _jG-7759 |
||
| 999 |
_c116756 _d116756 |
||